| 000 | 00530nam a2200205Ia 4500 | ||
|---|---|---|---|
| 008 | 210210b1977 xxu||||| |||| 00| 0 eng d | ||
| 082 | _a621.381528 RAMI | ||
| 100 | _aRAMAMOORTHY (M). | ||
| 245 | _aIntroduction to thyristors and their applications. | ||
| 260 |
_aNew Delhi. _bAffiliated East-West Prees Pvt. Ltd. _c1977 |
||
| 300 | _ax,312 | ||
| 650 | _ato | ||
| 650 | _athyristors | ||
| 650 | _atheir | ||
| 650 | _aIntroduction | ||
| 650 | _aapplications. | ||
| 650 | _aand | ||
| 690 | _aTransistors | ||
| 906 | _a033539 | ||
| 999 |
_c84794 _d84794 |
||